Independent review in respect of the issues raised at RICS in 2018 and 2019 (Record no. 121355)

MARC details
000 -LEADER
fixed length control field 01121nam a22001697a 4500
008 - FIXED-LENGTH DATA ELEMENTS--GENERAL INFORMATION
fixed length control field 230203s2021 xxk|||||o|||| 00| 0 eng d
041 ## - LANGUAGE CODE
Language code of text/sound track or separate title eng
245 ## - TITLE STATEMENT
Title Independent review in respect of the issues raised at RICS in 2018 and 2019
Subtitle following the commissioning by the RICS Committe of a Treasury management audit
Medium [Electronic resource]
260 ## - PUBLICATION INFORMATION
Date September 2021
300 ## - PHYSICAL DESCRIPTION
Physical description 469p.
520 ## - ABSTRACT
Abstract Independent Review by Alison Levitt QC into the events that took place following the commissioning of a Treasury Management audit in 2018 and has voted to accept all her recommendations.<br/>The 467-page report concludes that four non-Executive Board members, who raised legitimate concerns that the audit had been suppressed, were wrongly dismissed from the Management Board and that sound governance principles were not followed.
651 ## - SUBJECT ADDED ENTRY--GEOGRAPHIC NAME
Geographic name International
690 ## - BROAD SUBJECT
9 (RLIN) 6277
Broad subject RICS
700 ## - ADDED PERSONAL NAME
Added personal author Levitt, Alison
856 ## - ONLINE RESOURCE
Uniform Resource Identifier <a href="https://www.rics.org/uk/news-insight/latest-news/news-opinion/rics-governing-council-publishes-independent-review-and-accepts-all-recommendations/">https://www.rics.org/uk/news-insight/latest-news/news-opinion/rics-governing-council-publishes-independent-review-and-accepts-all-recommendations/</a>
Public note Available free on RICS.org
942 ## - ADDED ENTRY ELEMENTS (KOHA)
Suppress in OPAC Do not suppress in OPAC
Holdings
Lost status Damaged status Not for loan Current library Shelving location Date acquired Total Checkouts Date last seen Price effective from Koha item type
      Virtual Online 03/02/2023   03/02/2023 03/02/2023 Online material